LIBRARY ONLINE CATALOGUE

Corporate finance : (Record no. 10638)

MARC details
000 -LEADER
fixed length control field 00695nam a22002172 4500
001 - CONTROL NUMBER
control field 0000003026
005 - DATE AND TIME OF LATEST TRANSACTION
control field 20151217154336.0
008 - FIXED-LENGTH DATA ELEMENTS--GENERAL INFORMATION
fixed length control field 070426s xx 000 0 eng d
020 ## - INTERNATIONAL STANDARD BOOK NUMBER
International Standard Book Number 0761992537 :
Terms of availability KES 830
040 ## - CATALOGING SOURCE
Original cataloging agency KABU
Transcribing agency KABU
050 #0 - LIBRARY OF CONGRESS CALL NUMBER
Classification number HG4026
Item number .V57 2000
100 1# - MAIN ENTRY--PERSONAL NAME
Personal name Vishwanath, S. R.,
Dates associated with a name 1971-.
-- 0000152592
245 10 - TITLE STATEMENT
Title Corporate finance :
Remainder of title theory and practice /
Statement of responsibility, etc. Vishwanath S. R.
260 ## - PUBLICATION, DISTRIBUTION, ETC. (IMPRINT)
Place of publication, distribution, etc. New Delhi :
Name of publisher, distributor, etc. Response Books,
Date of publication, distribution, etc. 2000.
300 ## - PHYSICAL DESCRIPTION
Extent 515 p. ;
Dimensions 24 cm.
504 ## - BIBLIOGRAPHY, ETC. NOTE
Bibliography, etc Includes bibliographical references and index.
650 #0 - SUBJECT ADDED ENTRY--TOPICAL TERM
Topical term or geographic name as entry element Corporations
General subdivision Finance.
-- 0000007704
908 ## - PUT COMMAND PARAMETER (RLIN)
Put command parameter 070426
950 ## - LOCAL HOLDINGS (RLIN)
-- 1
Holdings
Withdrawn status Lost status Source of classification or shelving scheme Not for loan Home library Current library Date acquired Total Checkouts Full call number Barcode Date last seen Date last checked out Price effective from Koha item type
    Library of Congress Classification   Kabarak, Main Campus Kabarak, Main Campus 17/12/2015 4 HG4026 .V57 2000 006984 09/06/2022 23/05/2022 17/12/2015 General Collection
    Library of Congress Classification   Kabarak, Main Campus Kabarak, Main Campus 17/12/2015 3 HG4026 .V57 2000 006985 25/07/2019 24/07/2019 17/12/2015 General Collection
    Library of Congress Classification   Kabarak, Main Campus Kabarak, Main Campus 17/12/2015 2 HG4026 .V57 2000 006986 15/05/2019 13/05/2019 17/12/2015 General Collection